03658nam a2200469 a 450000100060000000300090000600800410001502000180005604000280007404100080010209000130011024501580012325000110028126000360029230000110032865000290033965000560036865000440042470000350046894200120050399900150051595201320053095201270066295201300078995201300091995201300104995201310117995201320131095201300144295201470157295201370171995201340185695201280199095201310211895201280224995201350237795201240251295201290263695201330276595201280289895201620302626444CO-ViMGA141112s2004 ck r 000 u spa d a9789589955246 aCO-ViMGAbspacCO-ViMGA aSPA aC CUE14510aEl cuento sigue : bantología del taller literario "José Felix Fuenmayor" / cPatricia Lemus Guzmán... [et al.] ; compilador Antonio Silvera Arenas a1a ed. aMedellín : bSílaba, c2014 a122 p.14aAUTORES COLOMBIANOS 93214aCUENTOS COLOMBIANOS - SIGLO XX - COLECCIONES94119214aLITERATURA COLOMBIANA - SIGLO XX 920571 aSilvera Arenas, Antonio941193 2ddccBK c2408d2408 00102ddc40708GENaMEGUAMALbMEGUAMALcLITd2023-02-06l0oC CUE145pGUA000613r2023-02-06 00:00:00tEj.1w2023-02-06yBKLIT 00102ddc40708GENaMEDORADObMEDORADOcLITd2023-02-22l0oCCUEpDOR01865r2023-02-22 00:00:00tEj.1w2023-02-22yBKLIT 00102ddc40708GENaMESMARTIbMESMARTIcLITd2023-03-22l0oC CUE145pSM00151r2023-03-22 00:00:00tEj.1w2023-03-22yBKLIT 00102ddc40708GENaMEFTEORObMEFTEOROcLITd2023-06-06oC CUE145pFo00001178r2023-06-06 00:00:00tEj.1w2023-06-06yBKLIT 00102ddc40708GENaMECASTILbMECASTILcLITd2023-07-12l0oC CUE145pEC02198r2023-07-12 00:00:00tEj.1w2023-07-12yBKLIT 00102ddc40708GENaMECUBARRbMECUBARRcLITd2023-08-02l0oC CUE145pCUB01649r2023-08-02 14:12:24tEj.1w2023-08-02yBKLIT 00102ddc40708GENaMECABUYAbMECABUYAcLITd2023-09-07l0oC CUE145pCAB000564r2023-09-07 20:53:43tEj.1w2023-09-07yBKLIT 00102ddc40708GENaMESGUARObMESGUAROcLITd2023-09-11l0oC CUE145pSG01103r2023-09-11 16:11:27tEj.1w2023-09-11yBKLIT 00102ddc40708001aMEVIGAPORbMEVIGAPORd2015-12-04h06/ene/2015l2oC CUE145p4177r2018-05-16 00:00:00s2018-05-16tEj. 1w2015-12-04yBK 00102ddc40708001aMEVIGACOMbMEVIGACOMd2015-12-04h06/ene/2015l0oC CUE145p004177r2018-07-25 00:00:00tEj. 1w2015-12-04yBK 00102ddc40708003aMEVIECARbMEVIECARd2015-12-04h06/ene/2015l0oC CUE145p28070r2015-12-04 00:00:00tEj. 1w2015-12-04yBK 00102ddc40708GENaMEBAUPIAbMEBAUPIAcLITd2023-09-21l0oC CUE145pBUP00578r2023-09-21 15:47:13tEj.1w2023-09-21yBK 00102ddc40708001aMEMAPIRIbMEMAPIRIcLITd2024-01-18l0oC CUE145pMAP00002373r2024-01-18 22:36:28tEj.1w2024-01-18yBK 00102ddc40708GENaMEMACAREbMEMACAREcLITd2024-02-13l0oC CUE145pLM00919r2024-02-13 15:35:16tEj.1w2024-02-13yBK 001040708001aMEVIGERRbMEVIGERRcGENd2014-12-04oC CUE145pECA23295r2024-11-26 09:50:44tEj.1w2024-11-26yBKz17396 | 22325 00102ddc4070aMEMESETAbMEMESETAcLITd2024-12-12l0oC CULE145pMEE00979r2024-12-12 16:40:17tEj.1w2024-12-12yBK 00102ddc40708GENaMEURIBEbMEURIBEcLITd2024-12-21l0oC CUE145pURI01996r2024-12-21 09:55:30tEj.1w2024-12-21yBKLIT 00102ddc40708GENaMEPLLERASbMEPLLERAScLITd2025-01-28l0oC CUE145pPLL01880r2025-01-28 10:59:19tEj.1w2025-01-28yBKLIT 00102ddc40708GENaMESJUANIbMESJUANIcLITd2025-06-12l0oC CUE145pSJU01801r2025-06-12 18:08:44tEj.1w2025-06-12yBK 00102ddc40708012aMEGRANADbMEGRANADcLITd2026-05-13eBIBLIOTECA NACIONAL DE COLOMBIAl0oC-CUE145pGRDA08170r2026-05-13 20:28:35tEj.1w2026-05-13yBK